El otro poder : las redes del narcotráfico, la política y la violencia en México /

Saved in:
நூற்பட்டியல் விவரங்கள்
தலைமை எழுத்தாளர்: Fernández Menéndez, Jorge.
வடிவம்: புத்தகம்
மொழி:Spanish
வெளியீடப்பட்டது: México, D.F. : Aguilar, 2001.
பதிப்பு:1. ed.
தொகுதி:Nuevo siglo.
பகுதிகள்:
குறியீடுகள்: குறிச்சொல் இணை
குறியீடுகள் இல்லை, இந்த குறிச்சொல்லை முதலில் பதிவு செய்யுங்கள்!
LEADER 00974cam a2200313 a 4500
001 009106295-0
005 20030814131846.0
008 011130s2001 mx a b 001 0 spa c
020 |a 9681908988 
035 0 |a ocm48514194 
040 |a UBY  |c UBY  |d EL  |$ dPL#  |d PIT  |d TEF 
042 |a pcc 
043 |a n-mx--- 
050 4 |a HV5840.M6  |b F47 2001 
082 0 4 |a 363.45  |2 21 
100 1 |a Fernández Menéndez, Jorge. 
245 1 3 |a El otro poder :  |b las redes del narcotráfico, la política y la violencia en México /  |c Jorge Fernández Menéndez. 
250 |a 1. ed. 
260 |a México, D.F. :  |b Aguilar,  |c 2001. 
300 |a 367 p. :  |b ill. ;  |c 24 cm. 
490 1 |a Nuevo siglo 
504 |a Includes bibliographical references and index. 
650 0 |a Drug traffic  |x Political aspects  |z Mexico. 
650 0 |a Drug control  |z Mexico. 
650 0 |a Drug dealers  |z Mexico. 
650 0 |a Drug abuse and crime  |z Mexico. 
830 0 |a Nuevo siglo. 
988 |a 20030515 
906 |0 OCLC